| 000 -LEADER |
| fixed length control field |
00668nam a22002177a 4500 |
| 008 - FIXED-LENGTH DATA ELEMENTS--GENERAL INFORMATION |
| fixed length control field |
151007b xxu||||| |||| 00| 0 eng d |
| 020 ## - INTERNATIONAL STANDARD BOOK NUMBER |
| International Standard Book Number |
9780136108863 |
| 020 ## - INTERNATIONAL STANDARD BOOK NUMBER |
| International Standard Book Number |
0136108865 |
| 041 0# - LANGUAGE CODE |
| Language code of text/sound track or separate title |
eng |
| 080 ## - UNIVERSAL DECIMAL CLASSIFICATION NUMBER |
| Universal Decimal Classification number |
657 |
| 100 1# - Rafti |
| Rafti |
Harrison, Walter T. |
| 245 10 - TITLE STATEMENT |
| Title |
Financial accounting / |
| Statement of responsibility, etc |
Walter T. Harrison Jr., Charles T. Horngren, C. William (Bill) Thomas. |
| 250 ## - |
| -- |
8th ed. |
| 260 ## - |
| -- |
Upper Saddle River, N.J. : |
| -- |
Pearson Education/Pearson Prentice Hall, |
| -- |
2010. |
| 300 ## - |
| -- |
xxxvi, 924 f. : |
| -- |
me il.; |
| -- |
29 cm. |
| 650 #0 - |
| -- |
Kontabilitet |
| 650 #0 - |
| -- |
Financiar |
| 700 1# - |
| -- |
Horngren, Charles T., |
| 700 1# - |
| -- |
Thomas, C. William. |
| 942 ## - ADDED ENTRY ELEMENTS (KOHA) |
| Source of classification or shelving scheme |
|
| Item type |
Books |